000 00309nam a22001337a 4500
008 181030b xxu||||| |||| 00| 0 eng d
020 _a2900763700675
041 _aeng
080 _27th
_a579
100 _a11
101 _aMIK
245 _aFundamentals of Microbiology
_cPommerville,J.C
942 _2udc
_cBK
999 _c51071
_d51071